Velada literaria celebrada el 21 de diciembre de 1888 (Record no. 32094)

MARC details
000 -LEADER
campo de control de longitud fija 01156nam a2200193 i 4500
001 - NÚMERO DE CONTROL
campo de control 32094
003 - IDENTIFICADOR DE NÚMERO DE CONTROL
campo de control ES-MaACL
005 - FECHA Y HORA DE LA ÚLTIMA TRANSACCIÓN
campo de control 20230906154518.0
007 - CAMPO FIJO DE DESCRIPCIÓN FÍSICA--INFORMACIÓN GENERAL
campo de control de longitud fija t|
008 - DATOS DE LONGITUD FIJA--INFORMACIÓN GENERAL
campo de control de longitud fija 030219s1888 sp ||||1| spa d
245 00 - MENCIÓN DEL TÍTULO
Título Velada literaria celebrada el 21 de diciembre de 1888
Resto del título : trabajos de los señores profesores de este centro en ella leídos.
260 ## - PUBLICACIÓN, DISTRIBUCIÓN, ETC.
Lugar de publicación, distribución, etc. Sevilla :
Nombre del editor, distribuidor, etc. [s.n.],
Fecha de publicación, distribución, etc. 1888 (
Fabricante Imp. de El Mercantil Sevillano)
300 ## - DESCRIPCIÓN FÍSICA
Extensión 40 p. ;
Dimensiones 21 cm.
505 8# - NOTA DE CONTENIDO CON FORMATO
Nota de contenido con formato Contiene: Con portada propia : Memoria leída por D. Francisco Sánchez-Arjona como profesor del Colegio de Ntra. Sra. del Robledo en la velada dada por el mismo en el día 21 de diciembre de 1888 ; Relación de lo que pasó en la villa de Constantina el viernes de Dolores día 9 de abril de 1810 / [Luis Caro y Salamanca] ; A la Santísima Virgen / Bernabé Sarabia ; A ntra. señora Santa María en su Concepción Inmaculada / F. González de Salcedo ; Dos palabras / Francisco P. Ochoa
700 1# - ENTRADA AGREGADA--NOMBRE PERSONAL
Nombre de persona Sánchez-Arjona, Francisco.
9 (RLIN) 102469
700 1# - ENTRADA AGREGADA--NOMBRE PERSONAL
Nombre de persona Caro y Salamanca, Luis.
9 (RLIN) 35415
710 0# - ENTRADA AGREGADA--NOMBRE DE ENTIDAD CORPORATIVA
Nombre de entidad corporativa o nombre de jurisdicción como elemento de entrada Colegio de Nuestra Señora del Robledo (Sevilla)
9 (RLIN) 2914
852 ## - LOCALIZACIÓN
Ubicación ES-MaACL
Número de control de estantería T-569-F-2
Holdings
Estatus retirado Estado de pérdida Estado de daño No para préstamo Colección Biblioteca de origen Biblioteca actual Ubicación en estantería Fecha de adquisición Fuente de adquisición Total de préstamos Signatura topográfica completa Código de barras Visto por última vez Precio de reemplazo Tipo de ítem Koha
        Colección de folletos Biblioteca del Ateneo de Madrid Biblioteca del Ateneo de Madrid Depósito folletos 17/01/2008     T-569-F-2 1033219 23/02/2023 23/02/2023 Folleto